000 00349nam a2200145Ia 4500
008 150201s2008 xx 000 0 und d
082 _a616.07
_bE08K
100 _aKAWTHALKAR , SHIRISH, M.
245 _aESSENTIALS OF HAEMATOLOGY
250 _a1ST
260 _bJAYPEE
_aDELHI
_c2008
300 _a1-504
650 _aPATHOLOGY
942 _2ddc
_cBK
_01
999 _c1340
_d1340